A slip of a pen (Record no. 76662)
[ view plain ]
| 000 -LEADER | |
|---|---|
| fixed length control field | 00933cab a2200169 4500 |
| 001 - CONTROL NUMBER | |
| control field | ##L132850 |
| 008 - FIXED-LENGTH DATA ELEMENTS--GENERAL INFORMATION | |
| fixed length control field | 060314n 000 0 eng u |
| 035 ## - SYSTEM CONTROL NUMBER | |
| System control number | (Sirsi) u132850 |
| 041 0# - LANGUAGE CODE | |
| Language code of text/sound track or separate title | eng |
| 100 1# - MAIN ENTRY--PERSONAL NAME | |
| Personal name | Seitler, Jonathan |
| 245 02 - TITLE STATEMENT | |
| Title | A slip of a pen |
| 490 ## - SERIES STATEMENT | |
| Series statement | Property Week |
| Volume/sequential designation | 71(10) 10 March 2006, 88-89(2) |
| 520 ## - SUMMARY, ETC. | |
| Summary, etc. | A property professional being sued for professional negligence used to be rare. But today it is treated as much more of a thriving industry. Legal cases are founded on the business of accusing surveyors and property lawyers of being careless, which in term are defending by distinguished lawyers. The steps taken by landlords to ensure break notices are worded correctly and without errors may seem simple, but in the long run it may help avoid career damage and unforgiving law courts. |
| 590 ## - LOCAL NOTE (RLIN) | |
| Local note | IKA140306 |
| 690 ## - LOCAL SUBJECT ADDED ENTRY--TOPICAL TERM (OCLC, RLIN) | |
| Topical term or geographic name as entry element | MANAGEMENT-BUSINESS MANAGEMENT-PROFESSIONAL PRACTICE-NEGLIGENCE |
| 942 ## - ADDED ENTRY ELEMENTS (KOHA) | |
| Suppress in OPAC | 0 |
| Withdrawn status | Lost status | Source of classification or shelving scheme | Damaged status | Not for loan | Home library | Current library | Shelving location | Date acquired | Total Checkouts | Full call number | Barcode | Date last seen | Copy number | Price effective from | Koha item type |
|---|---|---|---|---|---|---|---|---|---|---|---|---|---|---|---|
| Dewey Decimal Classification | London | London | Journal article | 14/03/2006 | L132850 | 132850-1001 | 06/08/2019 | 1 | 06/08/2019 | Journal article |